Carregant...

The student's guide to sanskrit composition/

Dades bibliogràfiques
Autor principal: Vaman Shivram Apte
Format: Printed Book
Publicat: Varanasi: Chaukhamba Sanskrit Series, 1984.
Matèries:
LEADER 00897nam a22001811a 4500
082 |a S 491.25  |b VAM/S 
100 |a Vaman Shivram Apte  |9 150909 
245 |a The student's guide to sanskrit composition/  |c by Vaman Shivram Apte 
260 |a Varanasi:  |b Chaukhamba Sanskrit Series,  |c 1984. 
300 |a 420p. 
650 |a Grammar Sanskrit  |9 150910 
650 |a Language Sanskrit  |9 150911 
650 |a Language  |9 150912 
942 |c BK 
999 |c 44451  |d 44451 
952 |0 0  |1 0  |4 0  |6 S_491_250000000000000_VAM_S  |7 0  |9 64309  |a SSUS  |b SSUS  |d 2015-01-08  |g 80.00  |o S 491.25 VAM/S  |p 000085  |r 2015-01-08  |v 0.00  |w 2015-01-08  |y BK 
952 |0 0  |1 0  |4 0  |6 S_491_250000000000000_VAM_S  |7 0  |9 64310  |a SSUS  |b SSUS  |d 2015-01-08  |g 50.00  |o S 491.25 VAM/S  |p 029990  |r 2015-01-08  |v 0.00  |w 2015-01-08  |y BK 
952 |0 0  |1 0  |4 0  |6 S_491_250000000000000_VAM_S  |7 0  |9 64311  |a SSUS  |b SSUS  |c STACKS  |d 2015-01-08  |g 50.00  |o S 491.25 VAM/S  |p 026920  |r 2015-01-08  |v 0.00  |w 2015-01-08  |y BK